000 01754cam a2200397 a 4500
999 _c24329
_d24329
001 693689
005 20170128111528.0
008 961107s1997 inua bc 000 0 eng d
010 _a 96071288
020 _a0295976039
035 _a(OCoLC)36620231
040 _aInIMu
_cInIMu
_dInIT
_dIDeKN
_dOCoLC
_dDLC
042 _alccopycat
043 _ae-sp---
050 0 4 _aND806
_b.P35 1997
245 0 0 _aPainting in Spain in the age of enlightenment :
_bGoya and his contemporaries /
_cRonda Kasl and Suzanne L. Stratton, curators of the exhibition and editors of the catalogue.
260 _a[Indianapolis] :
_bIndianapolis Museum of Art ;
_aNew York :
_bThe Spanish Institute ,
_cc1997.
300 _a295 p. :
_bill. (some col.),
_c28 cm.
500 _aCatalog of an exhibition held at the Indianapolis Museum of Art, November 23, 1996-January 19, 1997 and at the Spanish Institute, New York, Spring 1997.
504 _aIncludes bibliographical references (p. 287-295).
600 1 0 _aGoya, Francisco,
_d1746-1828
_xInfluence.
600 1 0 _aGoya, Francisco,
_d1746-1828
_vExhibitions.
650 0 _aPainting, Spanish
_y18th century
_vExhibitions.
700 1 _aKasl, Ronda.
700 1 _aStratton, Suzanne L.
710 2 _aIndianapolis Museum of Art.
710 2 _aSpanish Institute (New York, N.Y.)
942 _2lcc
_cBOOKS
_hND806 .P35 1997